| 000 | 00636nam a2200205Ia 4500 | ||
|---|---|---|---|
| 001 | 724 | ||
| 003 | GE_BSU | ||
| 008 | 181216s||||||||xx |||||||||||||| ||und|| | ||
| 040 | _cGE_BSU | ||
| 080 | _a001 | ||
| 245 | _aმეცნიერული კვლევის საფუძვლები. | ||
| 245 | _cრედ. გ. ჭილაშვილი | ||
| 260 | _aთბილისი | ||
| 260 | _bთბილისის უნ–ტის | ||
| 260 | _c1981 | ||
| 300 | _a371 გვ. | ||
| 541 | _h15 ლ. | ||
| 653 | _aმეცნიერულუ კვლევის საფუძველი | ||
| 942 | _cBK | ||
| 999 |
_c34901 _d34901 |
||